000 00824nam a2200253 a 4500
001 69802
003 BD-RjUL
005 20211209081927.0
008 170413s1993 enka b 001 0 eng d
020 _a0198558139
035 _a(BD-RjUL)70014
040 _aDLC
_cDLC
_dBD-RjUL
_beng
041 _aeng
082 0 0 _a547.056
_223
_bBOO 1993
100 1 _aBochmann, Manfred.
_9206738
245 1 0 _aOrganometallics 2 :
_bcomplexes with transition metal-carbon /
_cManfred Bochmann.
260 _aOxford ;
_aNew York :
_bOxford University Press,
_c1993
300 _a89 :
_bill. ;
_c25 cm.
490 _aOxford chemistry primers ;
_v12
504 _aIncludes bibliographical references and index.
650 0 _aOrganotransition metal compounds.
_9206739
830 _aOxford chemistry primers ;
_v12
_9206742
942 _2ddc
_cBK
999 _c69802
_d69802